|
|
|
|
| LEADER |
00000nam a22000007a 4500 |
| 008 |
220217b ||||| |||| 00| 0 spa d |
| 999 |
|
|
|c 3946
|d 3946
|
| 020 |
|
|
|a 9789977655178
|
| 090 |
|
|
|a 18.08.01
|b 2615
|
| 100 |
|
|
|9 4780
|a Mora Valverde, María Marjorie
|
| 245 |
1 |
0 |
|a Estudios métricos : teoría y aplicaciones de los indicadores bibliométricos y de las principales leyes en la metría de la información /
|c María Marjorie Mora Valverde
|
| 260 |
|
|
|a Heredia :
|b EUNA,
|c 2019
|
| 300 |
|
|
|a 266 páginas;
|b ilustraciones en blanco y negro, gráficos en blanco y negro
|
| 650 |
1 |
4 |
|9 2311
|a INDICADORES
|
| 650 |
1 |
4 |
|9 2346
|a BIBLIOMETRÍA
|
| 650 |
1 |
0 |
|9 4781
|a ESTUDIOS MÉTRICOS DE LA INFORMACIÓN
|
| 942 |
|
|
|i 004673
|h 18.08.01 2615
|2 z
|c 01
|